00206nam a2200097Ia 4500008004100000100001600041245001800057260000900075942000700084999001700091190216s9999||||xx |||||||||||||| ||und|| aChummar T M 0aChinthapatham bNull cBK c24119d24119